[Event "YUG-ch 56th"]
[Site "Herceg Novi"]
[Date "2001.03.30"]
[Round "7"]
[White "Antic, Dejan"]
[Black "Damljanovic, Branko"]
[Result "1-0"]
[WhiteElo "2481"]
[BlackElo "2561"]
[Annotator "Rabinovich,Al"]
[PlyCount "117"]
[EventDate "2001.03.23"]
[EventType "tourn"]
[EventRounds "15"]
[EventCountry "YUG"]
[EventCategory "10"]
[SourceTitle "CBM 083"]
[Source "ChessBase"]
[SourceDate "2001.07.05"]
[SourceVersion "1"]
[SourceVersionDate "2001.07.05"]
[SourceQuality "1"]

1. d4 {[%mdl 2084] Hecht} Nf6 2. c4 e6 3. Nf3 b6 4. g3 Ba6 5. b3 (5. Nbd2 Bb4
6. Qc2 Bb7 7. Bg2 Be4 8. Qd1 Bxd2+ 9. Qxd2 O-O 10. O-O a5 11. b3 a4 12. Ba3 d6
13. Rfd1 Nbd7 14. Bf1 Re8 15. Nh4 Bb7 16. f3 d5 17. Qc2 c5 18. Bb2 cxd4 19.
Bxd4 Qc7 20. Rac1 e5 $15 {0-1 Topalov,V-Adams,M/Dortmund 1999/CBM 72 (49)})
5... d5 (5... Bb4+ 6. Bd2 Be7 7. Bg2 c6 8. Bc3 d5 9. Ne5 Nfd7 10. Nxd7 Nxd7 11.
Nd2 f5 12. O-O O-O 13. Rc1 Rc8 14. Bb2 b5 15. c5 b4 16. Nf3 Bb5 17. Qd2 $14 {
[%csl Re6][%cal Gd2e3] 1-0 Beliavsky,A-Ashley,M/Las Vegas USA 2001/The Week in
Chess 332 (41)}) (5... b5 6. cxb5 Bxb5 7. Bg2 d5 8. O-O Nbd7 9. Nc3 Ba6 10. Na4
Bd6 11. Bb2 Bb5 12. Nc3 Ba6 13. Rc1 O-O 14. Na4 Qe7 15. Qc2 Ne4 16. Ne5 $14 {
[%csl Rc6][%cal Ge5c6,Gc2c6] 1/2-1/2 Lputian,S-Gelashvili,T/Yerevan ARM 2000/
The Week in Chess 292 (58)}) 6. cxd5 (6. Bg2 $5 {Probably the sharpest line
here. Kasparov played it with white against Gelfand in 1997, here he is trying
to bring up something new with black.} dxc4 7. Ne5 Bb4+ 8. Kf1 Bd6 9. Nxc4 (9.
Bxa8 Bxe5 $36) 9... Nd5 10. e4 Ne7 11. Bb2 (11. e5 Bxe5 12. Bxa8 Qxd4 13. Qxd4
Bxd4 {Black at least has enough compensation for the material.}) 11... Nbc6 12.
Nbd2 e5 (12... O-O 13. Kg1 b5 14. Nxd6 cxd6 15. h4 {Kasparov-Gelfand Novgorod
1997.}) 13. d5 Nd4 $146 14. Nf3 c5 15. Kg1 Bxc4 16. bxc4 O-O 17. h4 Nc8 18. Bh3
Re8 19. Kg2 Bf8 20. Rc1 Nd6 $13 {[%csl Gd4] 0-1 Huzman,A-Kasparov,G/Tel Aviv
1998/CBM 65 (42)}) {My opinion about this 5.Bg2 variation is that not
everything is discavered yet and in the near future we will see new inventions
in that line.} 6... exd5 7. Bg2 Bd6 (7... Bb4+ 8. Bd2 c5 (8... Be7 9. O-O O-O
10. Nc3 Bb7 11. Rc1 Na6 12. Qc2 Ba3 13. Rcd1 h6 14. Ne5 Re8 15. Qf5 Bf8 16.
Rfe1 c5 17. Ng4 Nxg4 18. Qxg4 cxd4 19. Qxd4 Nb4 20. Rc1 $14 {1-0 Karpov,
A-Kurajica,B/Tilburg 1994/CBM 44 (34)}) (8... Bxd2+ 9. Qxd2 O-O 10. O-O Re8 11.
Nc3 Ne4 12. Nxe4 dxe4 13. Ng5 Nc6 14. Qf4 f6 15. Nxe4 Nxd4 16. Nc3 g5 17. Qg4
Nxe2+ $17 {1/2-1/2 Beliavsky,A-Gelfand,B/Linares 1993/CBM 34 (68)}) 9. dxc5
Bxc5 10. b4 Bd6 11. Nc3 Bc4 12. Bf4 $14 {[%csl Rd5][%cal Gf3d4] 1/2-1/2
Beliavsky,A-Ivanchuk,V/Reggio Emilia 1992/CBM 27 (37)}) (7... Be7 8. O-O O-O 9.
Nc3 Bb7 10. Bf4 Na6 11. Qc2 Qd7 12. Rfd1 Rfd8 13. Qb2 Qe8 14. Rac1 Qf8 $5 15.
Nb1 c5 16. dxc5 bxc5 $11 {1/2-1/2 Portisch,L-Timman,J/Reykjavik 1991/CBM 26 
(73)}) (7... c5 8. Nc3 Nc6 9. Ne5 Nxd4 10. e3 Ne6 11. Nxd5 Rc8 12. Bb2 Nd7 13.
Qg4 c4 14. Nxc4 b5 15. Ne5 Nxe5 16. Bxe5 b4 17. Rd1 Qa5 18. Bf1 Bb7 19. Bc4 Rd8
20. e4 Bc5 21. Nc7+ Nxc7 22. Bxf7+ Kxf7 23. Qxg7+ {1-0 Gyimesi,Z-Palac,M/Pula
1999/EXT 2000 (23)}) 8. O-O Nbd7 (8... O-O 9. Ne5 $6 Nbd7 10. Nc6 (10. f4 c5
$32 {[%cal Ra1g1]}) 10... Qe8 11. Re1 Qe6 {[%csl Rc6][%cal Ga6b7]}) 9. Nc3 O-O
10. Bf4 (10. Ne1 Re8 11. Nd3 c6 12. Bf4 Bxf4 13. Nxf4 $14) (10. Bb2 Re8 11. Re1
Rc8 12. Rc1 c6 13. Nd2 $14 {[%cal Ge2e4]}) 10... Qe7 (10... Bxf4 11. gxf4 c5
12. Ne5 Bb7 $13) 11. Bxd6 Qxd6 12. Re1 Rfe8 {The opponents finished
development and now they are creating plans for the middlegame. White will try
to get some game on the Qside by pushing b4-a4-a5/b5. Black will have to
choose between fighting for the center by playing c5 or to put the N on e4 and
just to hold white pressure on Qside.} 13. Rc1 Rad8 14. Qd2 {[%cal Gd2b2,Gb3b4]
} Nf8 (14... c5 15. Red1 Nf8 $13 {It seems to be very logical continuation for
black.}) 15. Qb2 Ne6 16. b4 c5 {Now black is forced to play it otherways white
will get an easy game on Qside.} 17. bxc5 (17. b5 Bb7 18. Red1 {[%cal Ga2a4,
Ga4a5]}) 17... bxc5 18. dxc5 $14 Nxc5 19. Red1 Bc4 (19... Nce4 20. Nxe4 Nxe4
21. e3 $14 {[%csl Rd5]}) 20. Nd4 Qa6 21. Qc2 Ne6 (21... Nce4 22. Nxe4 Nxe4 23.
e3 Qxa2 24. Bxe4 Rxe4 25. Qxa2 Bxa2 26. Ra1 Bc4 27. Rxa7 {[%cal Gd1b1,Gb1b7]
Black will have to show some sharpness to hold this ending.}) 22. e3 g6 23. Rd2
{[%cal Gc1d1]} Nc5 24. Nb3 $5 {Opening the d-file.} Nd3 $5 25. Rcd1 (25. Nxd5
$6 Nxd5 (25... Nxc1 26. Nc5 Qxa2 $1 (26... Qd6 27. Qxc4 Nxd5 28. Bxd5 $18 {
[%csl Rc1]}) 27. Nxf6+ Kh8 28. Qxc1 (28. Ncd7 Qxc2 29. Rxc2 Ne2+ 30. Kh1 Bd3
31. Rd2 Re6 32. Bf3 Rd6 33. Bxe2 R8xd7 $3 34. Nxd7 Be4+ $19) 28... Qxd2 (28...
Rxd2 29. Nxe8 Rxf2 30. Bh3 {[%cal Gc1c3,Gc3h8]} f6 31. Ne4 Rc2 32. Qe1 Qb2 $19
{[%cal Gc2c1]}) 29. Qxc4 Rxe3 30. Bf1 (30. fxe3 Qxe3+ 31. Kh1 Rd1+ 32. Bf1 Qf2
$19) 30... Rf3 31. Nce4 $44) 26. Qxc4 Qxc4 27. Rxc4 $18 {Of course it is
impossible for human to calcalute all this variations on the board.}) 25... Nb4
26. Qb2 Rb8 27. Qa1 Rec8 (27... Bxb3 28. axb3 Qxa1 29. Rxa1 Rec8 30. Ne2 Rc7
31. Nd4 $14) 28. Nc1 {[%cal Gc1e2,Ge2f4,Gf4d5]} Qa3 {It seems like black
pieces took very good places,but it is only temporary. White rooks defend all
the important squares and the fall of d5 pawn is just a matter of time.} 29.
N1e2 (29. e4 $5 dxe4 30. Nb1 Qa6 31. Rd6 Qa5 32. Qxf6 Nd5 33. R6xd5 Bxd5 34.
Ne2 $44) 29... Bxe2 30. Nxe2 Rb6 $6 (30... Ne4 $142 31. Bxe4 dxe4 32. Nf4 $14 {
[%csl Rg8][%cal Gh2h4]}) 31. Nf4 $16 Qc3 (31... Rbc6 32. Nxd5 Nfxd5 33. Bxd5
Nxd5 34. Rxd5 $16 {[%csl Rg8]}) 32. a3 Qxa1 33. Rxa1 Nc2 (33... Rc2 34. Rad1
Rxd2 35. Rxd2 g5 36. Nh3 g4 37. Nf4 Nc6 38. Bxd5 Ne5 39. Nd3 $1 $16) 34. Rc1
Rbc6 35. Nxd5 Nxd5 36. Bxd5 Rc3 37. a4 Nb4 38. Rxc3 Rxc3 {Hecht: '[#] Der
Läufer ist bei offenem Zentrum und Mehrbauer die klar stärkere Leichtfigur.'}
39. Rd4 a5 (39... Nxd5 $5 {Hecht} 40. Rxd5 Rc6 $16 {ist wegen des Abtauschs
des Läufers eine beachtliche Alternative bei allerdings totaler Passivität.})
40. Bc4 $18 Kg7 41. Be2 Ra3 42. Rd7 Rxa4 43. Bc4 Ra1+ 44. Kg2 a4 (44... g5 $5 {
Hecht} 45. Rxf7+ Kg6 46. f4 (46. Ra7 {Hecht} g4 47. h3 h5 48. hxg4 hxg4 49. Be2
Ra2 50. Bxg4 Nd3 $13) 46... g4 47. e4 Rc1 $13) 45. Rxf7+ Kh8 {[%csl Rh8]} (
45... Kh6 $142 $5) 46. Rb7 Nc2 47. Kf3 Rc1 (47... a3 48. Kf4 a2 49. Ra7 Nb4 50.
Kg5 $18 {[%cal Gg5h6,Ga7a8,Ga7h7]}) 48. Be6 {[%cal Gf3g4,Gg4g5,Gg5h6]} Rd1 49.
Kf4 Rd6 50. Ke5 Ra6 51. Kf6 Ra8 52. Kg5 Ra5+ 53. Kf6 (53. Kh6 $4 Rh5#) 53...
Ra8 54. g4 $1 {Protecting the h5-square. Now black is helpless.} Re8 (54... a3
55. Kg5 a2 56. Kh6 a1=Q 57. Rxh7#) 55. Bf7 Ra8 56. Kg5 {[%cal Rg5h6,Rf7a2,
Rb7h7]} Ra6 57. Bc4 Rc6 58. Rb8+ Kg7 59. Rg8# 1-0

[Event "Enghien les Bains 4th"]
[Site "Enghien les Bains"]
[Date "2001.04.19"]
[Round "8"]
[White "Van Wely, Loek"]
[Black "Tkachiev, Vladislav"]
[Result "1-0"]
[WhiteElo "2670"]
[BlackElo "2672"]
[Annotator "Rabinovich,Al"]
[PlyCount "81"]
[EventDate "2001.04.11"]
[EventType "tourn"]
[EventRounds "9"]
[EventCountry "FRA"]
[EventCategory "17"]
[SourceTitle "CBM 083"]
[Source "ChessBase"]
[SourceDate "2001.07.05"]
[SourceVersion "1"]
[SourceVersionDate "2001.07.05"]
[SourceQuality "1"]

1. d4 {[%mdl 2216] Ftacnik} Nf6 2. c4 e6 3. Nf3 b6 4. g3 Ba6 5. b3 Bb4+ 6. Bd2
Be7 7. Bg2 c6 {One of the most popular variations nowadays. White usually
plays 9.Ne5 afterwards rises very interesting position where white is trying
to promote e4 and black tryes to attack the center with c5 or b5. In the
current game white chooses the 9.Qc2 line which lately came in fashion.} 8. O-O
(8. Bc3 $5 d5 9. Ne5 Nfd7 10. Nxd7 Nxd7 11. Nd2 O-O 12. O-O Nf6 13. e4 b5 14.
Re1 dxe4 15. Qc2 Rb8 16. Rad1 Qc7 (16... Qc8 $1 17. Ba5 bxc4 18. bxc4 c5 19.
Nxe4 cxd4 20. Rxd4 Nxe4 21. Bxe4 f5 22. Bg2 Bf6 23. Rd2 Qxc4 (23... Bxc4 $1 $15
) 24. Rxe6 Qb5 25. Rd5 Qb1+ 26. Qxb1 Rxb1+ 27. Re1 $11 {1/2-1/2 Beliavsky,
A-Gershon,A/Ohrid MKD 2001/The Week in Chess 344 (51)}) 17. Bf1 bxc4 18. bxc4
c5 19. dxc5 (19. d5 $1) 19... Bb7 20. Nb3 Nd7 21. Qb2 g6 22. Bg2 f5 23. Nd4
Nxc5 $17 {0-1 Timman,J-Anand,V/Wijk aan Zee NED 2001/The Week in Chess 325 (30)
}) 8... d5 9. Qc2 (9. Ne5 $5) 9... Nbd7 10. Rd1 Rc8 11. Bf4 O-O 12. Nc3 Nh5 13.
Bc1 Nhf6 (13... f5 14. e3 h6 15. Bb2 Bd6 16. a4 Nhf6 17. a5 b5 18. c5 Bb8 19.
Na2 Bb7 20. Nb4 a6 21. Ne5 g5 22. f3 g4 23. f4 {1/2-1/2 Tkachiev,V-Anastasian,
A/Ohrid MKD 2001/The Week in Chess 344 (23)}) 14. Bf4 (14. e4 dxc4 15. Nd2 (15.
Bb2 b5 16. Ne2 Nb6 17. Ne5 Nfd7 18. bxc4 bxc4 19. Ng4 Nf6 20. Ne3 Rb8 21. a4
Nbd7 22. Bc3 Bb4 $11 {0-1 Jussupow,A-Lutz,C/Essen GER 2001/The Week in Chess 
(67)}) 15... b5 16. bxc4 bxc4 17. Qa4 Bb5 18. Qc2 Qa5 19. Nf3 h6 20. Bd2 Bb4
21. Rab1 Bxc3 22. Bxc3 Ba4 23. Qd2 Qh5 $15 {0-1 Van Wely,L-Adams,M/Wijk aan
Zee NED 2001/The Week in Chess 325 (49)}) 14... Nh5 15. Bc1 Nhf6 16. e4 dxc4
17. Bf4 $1 $146 {In his game against Adams, Van Wely played 17.Nd2 after what
he didn't get any advantage. The move in the text is better for white and it
opens a window for further analyzes and ideas.} (17. bxc4 Bxc4 18. Nd2 Ba6 19.
Qa4 Bd3 $15 {White compensation for the pawn is probably not enough.}) 17...
Bb4 (17... c5 $5 {Ftacnik} 18. d5 exd5 19. exd5 Re8 20. Nd2 Nh5 21. Be3 cxb3
22. axb3 Nb8 $13) (17... cxb3 $2 {Ftacnik} 18. axb3 Bb7 19. Rxa7 Ba8 20. Ne5
$16) (17... b5 {Ftacnik} 18. bxc4 bxc4 19. Rab1 $14) 18. Nd2 Qe7 (18... b5 19.
bxc4 bxc4 {[%cal Gd7b6]} 20. Na4 $14 {[%cal Gd2c4]}) (18... c5 {Ftacnik} 19. d5
(19. dxc5 {Ftacnik} Bxc5 20. Nxc4 Ng4 $15) 19... e5 20. Be3 cxb3 21. axb3 Nb8
22. Nc4 $11) 19. Nxc4 Bxc4 20. bxc4 e5 {'!' Ftacnik. Ftacnik: 'Is is very
natural, that black has to try breaking up white's center. '} 21. dxe5 (21. Be3
{Ftacnik} exd4 22. Bxd4 Rcd8 $13) 21... Nxe5 22. Ne2 $14 {We can make some
conclutions: White is slightly better. The opportunity to play f4 and e5 is
very unpleasant for black. A paar of bishops and a good center gives white an
optimistic view to the future. Black on the other hand can put some pressure
on c4-pawn, to put the R on e8 not to let white to play f4 and to try to
exchange few white pieces-the ending should be o.k for black since white has
few weaknesses.} Ng6 (22... b5 23. cxb5 cxb5 24. Qb3 Bc5 {[%cal Ge5g4,Gg4f2,
Gf6e4,Ge5g6]} 25. Nd4 $14) (22... Rfd8 {Ftacnik} 23. Nd4 Bc5 24. Nb3 $14) 23.
Be3 Ng4 $6 (23... Rfe8 $11 24. f3 Bc5 25. Nd4) 24. Bd4 Rfe8 25. f4 Nf8 {
'?' Ftacnik. Ftacnik: 'This passive prevarication is not easy to understand,
the white's bishop on d4 was literally provoking active approach.'} (25... c5
$5 26. Bf2 (26. h3 $2 cxd4 27. hxg4 b5 28. Nxd4 Rxc4 {[%cal Gb4c5]} 29. Qf2 Bc5
30. Bf1 $8 Rb4 31. a3 Rb3 $17 {[%cal Gg6f8,Gf8e6,Ge8d8,Gd8d4,Ge6d4]}) (26. Bf3
{Ftacnik} Nxh2 27. Kxh2 cxd4 28. Nxd4 Qc5 29. a3 $13) 26... Nxf2 (26... Qf6 $15
{Ftacnik}) 27. Kxf2 Rcd8 28. e5 $14 {[%csl Rb4][%cal Gg2d5]}) 26. h3 c5 (26...
Nf6 27. e5 N6d7 28. Qa4 $14 {[%csl Rc6]}) 27. hxg4 cxd4 28. Nxd4 Qc5 {[%cal
Gc5g1,Gf8e6,Ge8d8] '?!' Ftacnik. Black sacrafised a pawn hoping now to return
it with good position. The next white move probably wasn't planned by black.} (
28... Bc5 $1 {Ftacnik} 29. Kh2 Bxd4 30. Rxd4 Ne6 31. Rd5 b5 32. Rad1 Rxc4 33.
Qb2 a6 34. Rd7 Qc5 $13) 29. a3 $1 Bxa3 (29... Ba5 $5 {Ftacnik} 30. Kh2 Qxc4 31.
Qxc4 Rxc4 32. Nf5 Rc3 33. e5 $14) 30. Kh2 {Now white N is going to f5.} Bb4 (
30... a5 31. Nf5 $16 {[%csl Ra3,Rc5][%cal Gd1d5,Gf5d6]}) 31. Nf5 {[%cal Gf5d6]}
Qxc4 $8 32. Qxc4 Rxc4 33. Rxa7 $36 {[%cal Ge4e5,Gg2d5] It is really hard to
believe that black lost this position in 8 moves. But despite the fact that
not many pieces left on the board, black position is not that easy to hold.
White's R controls the 7 rank, after white will play e5 the B will go to d5.}
Rcc8 (33... Bc5 34. e5 Rc2 35. Kh3 Ne6 36. Bd5 {[%cal Gf5d6,Gd5e6]} Nd8 37. Be4
Rc4 38. Ra8 $18) 34. e5 {Ftacnik: 'The ideal coordination of white pieces will
be further enhanced with the active whitesquared bishop, Tkachiev will find it
hard to defend against all threats. '} Rcd8 (34... Red8 35. Bd5 Rc2+ 36. Kh3
$16) 35. Bd5 $16 Ne6 $6 {This move is loosing by force, but black's position
is already difficult.} (35... Kh8 36. Rxf7 $16) 36. Bxe6 fxe6 37. Rxd8 Rxd8 38.
Nxg7 $18 Rd3 39. Nxe6 Be1 40. g5 $1 Bxg3+ 41. Kg2 {[%cal Gf4f5,Gf5f6,Gf6f7]}
1-0

[Event "EU-ch 2nd"]
[Site "Ohrid"]
[Date "2001.06.07"]
[Round "7"]
[White "Van Wely, Loek"]
[Black "Iordachescu, Viorel"]
[Result "1-0"]
[WhiteElo "2670"]
[BlackElo "2589"]
[Annotator "Rabinovich,Al"]
[PlyCount "65"]
[EventDate "2001.06.01"]
[EventType "swiss"]
[EventRounds "13"]
[EventCountry "YUG"]
[SourceTitle "CBM 084"]
[Source "ChessBase"]
[SourceDate "2001.09.13"]
[SourceVersion "1"]
[SourceVersionDate "2001.09.13"]
[SourceQuality "1"]

1. d4 {[%mdl 512]} Nf6 2. c4 e6 3. Nf3 b6 4. g3 Ba6 5. b3 Bb7 6. Bg2 Bb4+ 7.
Bd2 a5 {This line probably doesn't promise black a total equalization,but good
pawn structure and quick development of the pieces give black an interesting
game.} 8. O-O O-O 9. Qc2 (9. Nc3 d6 10. Qc2 Nbd7 11. Nb5 Qb8 12. Rfd1 Be4 13.
Qb2 c6 14. Nc3 Bxc3 15. Bxc3 b5 16. a4 $14 {[%cal Gg2h3,Gf3d2,Ge2e4] 1-0
Burmakin,V-Ibragimov,I/Elista RUS 2001/The Week in Chess 339 (44)}) (9. Qc1 $5)
9... d6 10. Bg5 (10. Bc3 d5 11. a3 Bd6 12. Bb2 Nbd7 13. Nc3 Re8 14. Rfd1 Qb8
15. Nb5 $14 {1-0 Topalov,V-Piket,J/Wijk aan Zee NED 2001/The Week in Chess 323
(58)}) (10. Nc3 Nbd7 11. Rfe1 Bxc3 12. Bxc3 Be4 13. Qc1 h6 14. Bh3 Bh7 15. Nd2
Ne4 16. Nxe4 Bxe4 17. f3 Bh7 18. e4 $14 {1-0 Dautov,R-Romanishin,O/Essen GER
2001/The Week in Chess (48)}) 10... a4 11. Nc3 Bxc3 (11... axb3 12. axb3 Rxa1
13. Rxa1 Nbd7 14. Na2 $1 Ba3 15. b4 {[%csl Ra3]} c5 16. Qb3 cxb4 17. Nxb4 Bxb4
18. Qxb4 $14 {[%csl Rb6,Rd6]}) 12. Qxc3 Nbd7 (12... Ne4 13. Qd3 $1 Nxg5 (13...
Qc8 14. d5 $14) 14. Nxg5 {[%cal Gd3h7]} Qxg5 15. Bxb7 Ra7 16. f4 Qe7 17. Bg2 {
[%cal Ge2e4]}) 13. b4 h6 (13... Ne4 $5 14. Qc2 Qc8 15. Be3 c5 16. bxc5 bxc5 17.
Rab1 Nef6 $132 {1/2-1/2 Zhu Chen-Maric,A/Shanghai CHN 2001/The Week in Chess
343 (29)}) 14. Bc1 b5 $6 {Sacrafising the P,black hopes to take control over
all the light squares in the center:e4,d5,c4.The idea could be correct,if
black had in addition to that some active plan,using this pieces on the light
squares.What happens in the game,actually white keeps the pawn ,so very soon
black has to exchange light bishops and with only knights black can't develop
any serious initiative.} (14... Qe7 15. Bb2 Rfe8 $14) 15. cxb5 Nb6 16. Ba3 $1 {
[%cal Ga1c1,Gc1c2,Gf1c1] Good decision.White bishop probably has no better
place and white rooks want to be placed on the c-file,so this move serves both
goals.} Rc8 17. Nd2 Bxg2 18. Kxg2 $16 {[%cal Ge2e4,Gc3d3] Black already faces
some difficulties.White intends to play e4 as soon as possible.One way black
can stop it is Nfd5 followed by f5,although white still can play f3 and to try
to advance e4.Another way to stop e4 happened in the game:} d5 $5 {[%csl Ra3,
Rb4,Rd4] This move takes control over e4 and c4 sqaures,closes the Ba3.} 19.
Qd3 Ne8 {[%cal Ge8d6,Gd6c4,Gb6c4]} 20. Rac1 {I guess that white already at
this point of the game planned his exchange sacrafise.White simply doubles his
rooks on the c-file,looking in the future for f3 and e4.} Nd6 21. Rc5 Qd7 22.
Rfc1 Nbc4 {After this move black is forced to defend a very difficult position
without any counterplay,but what he could do else.He placed his pieces the
best way and figured out that nothing more than nice placement thay don't give,
so black decided to play the position with extra exchange for two pawns,in
order to look for some chances there.} (22... Rfd8 {[%cal Gd6c4,Gd8d4]} 23. Bb2
{[%cal Gf2f3,Ge2e4] And black has to play Nc4 anyway,since he has nothing else
to do.}) 23. Nxc4 Nxc4 24. R1xc4 $1 {[%csl Gc5]} dxc4 25. Qxc4 $16 {White is
clearly better.Material is equal.Light piece and two pawns for a rook.But the
most important thing is that black pieces are very passive.They are oblidged
to defend c7P and against white break in the center.} Rfd8 26. Bb2 {[%csl Rc7]
[%cal Ge2e4]} Rb8 27. e4 $1 {[%cal Gd4d5]} (27. Rxc7 $2 Qxb5 28. Qxb5 Rxb5 29.
a3 Rbb8 {[%cal Gb8c8,Gc8c2] And the result of the game is unclear!?}) 27... a3
28. Bc3 Rb6 $6 {Illusion! Black hopes after Rd6 to activate his pieces,but
unfortunatly black has no time for it.} (28... Rb7 $1 29. d5 Re8 {And black
still can hold the position.}) 29. d5 {[%csl Gc3] Finally the Bc3 is back in
the game.} exd5 30. Rxd5 Rd6 $8 (30... Qe8 31. Qd4 $18 {[%cal Gd4g7,Gd5d8]})
31. Rc5 $1 Rc8 $2 {Again passive move,which looses immideatly.Better was 31...
Qe6.} (31... Qe6 $5 32. Rxc7 Qxc4 33. Rxc4 Rb6 34. Rc7 Ra8 $1 {Could leave
black chances for a draw.} (34... Rxb5 35. Ra7 $16 {[%cal Ga7a3]})) 32. Be5 $1
$18 Rd2 $6 (32... Re6 33. Bxc7 Rce8 34. b6 Rxe4 35. Qb5 $18 {[%cal Gb6b7]}) 33.
b6 1-0